The art of training and Development in Management (VOL-4) (Record no. 416)

MARC details
000 -LEADER
fixed length control field 00440nam a22001697a 4500
005 - DATE AND TIME OF LATEST TRANSACTION
control field 20180811112405.0
008 - FIXED-LENGTH DATA ELEMENTS--GENERAL INFORMATION
fixed length control field 160502b xxu||||| |||| 00| 0 eng d
020 ## - INTERNATIONAL STANDARD BOOK NUMBER
ISBN 81-242-0268-0
041 ## - LANGUAGE CODE
Language code of text/sound track or separate title eng
082 ## - DEWEY DECIMAL CLASSIFICATION NUMBER
Item number 1100
Classification number 658.3124
100 ## - MAIN ENTRY--AUTHOR NAME
Personal name Rae, Leslie
245 ## - TITLE STATEMENT
Title The art of training and Development in Management (VOL-4)
260 ## - PUBLICATION, DISTRIBUTION, ETC. (IMPRINT)
Name of publisher Crest Publishing house
Year of publication 2002
300 ## - PHYSICAL DESCRIPTION
Number of Pages 217p,
650 ## - SUBJECT ADDED ENTRY--TOPICAL TERM
Topical Term Management
942 ## - ADDED ENTRY ELEMENTS (KOHA)
Koha item type Books
Holdings
Lost status Damaged status Collection code Home library Current library Shelving location Date acquired Serial Enumeration / chronology Full call number Accession Number Koha item type
    LIFE SKILL JRU Library JRU Library SHELF-72-B 02/05/2016 vol-4 658.3124 1100 Books
    LIFE SKILL JRU Library JRU Library SHELF-72-B 02/05/2016 vol-4 658.3124 1101 Books